Animals by emoji #2 - Statistics

General Stats
  • This quiz has been taken 74 times
  • The average score is 14 of 15
Answer Stats
Hint Answer % Correct
🦇 Bat
100%
🐤 Chick
100%
🦆 Duck
100%
🐵 Monkey
100%
🐝 Bee
98%
🐔 Chicken
98%
🦉 Owl
98%
🦅 Eagle
96%
🐴 Horse
96%
🐺 Wolf
95%
🐧 Penguin
93%
🪱 Worm
82%
🐛 Caterpillar
79%
🐦 Bird
75%
🐗 Warthog
43%
No matching quizzes found
Score Distribution
Percent of People with Each Score
Percentile by Number Answered
Your Score History
You have not taken this quiz